000
00280nam a22001217a 4500
008
180103b xxu||||| |||| 00| 0 eng d
041
_a
eng
080
_a
004
100
_a
32
101
_a
SHK
245
_a
UNDERSTANDING COGNITIVE PERFORMANCE MODES
_c
ALLEN,C.K
942
_2
udc
_c
BK
999
_c
39624
_d
39624